The Fighting Temeraire (Record no. 575859)

MARC details
000 -LEADER
fixed length control field 00501nam a2200169Ia 4500
008 - FIXED-LENGTH DATA ELEMENTS--GENERAL INFORMATION
fixed length control field 250714s9999 xx 000 0 und d
020 ## - INTERNATIONAL STANDARD BOOK NUMBER
ISBN 9781847249982
082 ## - DEWEY DECIMAL CLASSIFICATION NUMBER
Classification number 940.2745
Item number WIL
100 ## - MAIN ENTRY--AUTHOR NAME
Personal name Willis, Sam
245 #4 - TITLE STATEMENT
Title The Fighting Temeraire
260 ## - PUBLICATION, DISTRIBUTION, ETC. (IMPRINT)
Name of publisher Quercus Books
Year of publication 2009
300 ## - PHYSICAL DESCRIPTION
Number of Pages 384 pages
500 ## - GENERAL NOTE
General note Willis tells the extraordinary story of the mighty "Temeraire," the ship behind J.M.W. Turner's iconic painting.
650 ## - SUBJECT ADDED ENTRY--TOPICAL TERM
Topical Term Art
942 ## - ADDED ENTRY ELEMENTS (KOHA)
Koha item type English Books
Holdings
Withdrawn status Lost status Damaged status Not for loan Home library Current library Shelving location Date acquired Full call number Accession Number Price effective from Koha item type
        Anna Centenary Library Anna Centenary Library 7TH FLOOR, B WING 14.07.2025 940.2745 WIL 384117 14.07.2025 English Books

Find us on the map